Statistics for Selena Gomez Look at her now

Click here to take the quiz!

General Stats

  • This quiz has been taken 106 times
    (99 since last reset)
  • The average score is 155 of 199

Answer Stats

lyrics% Correct
a
100%
he
98%
now
97%
at
95%
her
95%
look
95%
she
92%
the
92%
was
92%
love
89%
go
88%
it
86%
to
86%
too
85%
for
83%
but
82%
little
80%
other
80%
what
80%
bullet
78%
in
78%
of
78%
summer
78%
each
77%
fell
77%
sad
77%
she's
77%
when
77%
find
75%
first
75%
oh
75%
one
75%
they
75%
up
75%
wild
75%
years
75%
few
74%
lover
74%
tears
74%
til
74%
took
74%
wasn't
74%
watch
74%
course
72%
down
72%
glad
72%
real
71%
doesn't
69%
good
69%
shiny
69%
way
68%
feels
66%
found
66%
had
66%
his
66%
knows
66%
she'll
66%
trust
66%
dodged
65%
soak
65%
another
63%
if
63%
levels
63%
out
63%
that
63%
only
62%
wants
62%
right
58%
god
57%
like
57%
night
57%
went
57%
not
55%
wrong
55%
moment
51%
perfect
51%
human
49%
more
49%
still
49%
woman
49%
be
48%
made
48%
regrets
48%
got
43%
saying
43%
thing
43%
fast
42%
him
40%
life
38%
nights
37%
problem
37%
lookat
6%

Score Distribution

Percentile by Number Answered

Percent of People with Each Score

Your Score History

You have not taken this quiz since the last reset